LEADER 00834nam0-22003251i-450- 001 990001485950403321 010 $a0-521-79321-1 035 $a000148595 035 $aFED01000148595 035 $a(Aleph)000148595FED01 035 $a000148595 100 $a20010908d2001----km-y0itay50------ba 101 0 $aeng 102 $aUS 105 $aa---a---001yy 200 1 $aAnalysis fractals$fJun Kigami 210 $aNew York$cSpringer$d2001 215 $aviii, 226 p.$d24 cm 225 1 $aCambridge tracts in mathematics$v143 610 0 $aFrattali 676 $a514.742$v21 700 1$aKigami,$bJun$065976 801 0$aIT$bUNINA$gRICA$2UNIMARC 901 $aBK 912 $a990001485950403321 952 $aC-34-(143$b18377$fMA1 959 $aMA1 962 $a28A80 996 $aAnalysis fractals$9378187 997 $aUNINA LEADER 03211nam 2200697 a 450 001 9910953967703321 005 20240514050955.0 010 $a1-283-31285-9 010 $a9786613312853 010 $a90-272-7671-4 035 $a(CKB)2550000000063918 035 $a(EBL)794772 035 $a(OCoLC)759101565 035 $a(SSID)ssj0000533982 035 $a(PQKBManifestationID)11353376 035 $a(PQKBTitleCode)TC0000533982 035 $a(PQKBWorkID)10492985 035 $a(PQKB)10717338 035 $a(MiAaPQ)EBC794772 035 $a(Au-PeEL)EBL794772 035 $a(CaPaEBR)ebr10509566 035 $a(CaONFJC)MIL331285 035 $a(DE-B1597)719564 035 $a(DE-B1597)9789027276711 035 $a(EXLCZ)992550000000063918 100 $a19940621d1994 uy 0 101 0 $aeng 135 $aur|n|---||||| 181 $ctxt 182 $cc 183 $acr 200 10$aAncient scripts and phonological knowledge /$fD. Gary Miller 205 $a1st ed. 210 $aAmsterdam ;$aPhiladelphia $cJ. Benjamins$dc1994 215 $a1 online resource (155 p.) 225 1 $aAmsterdam studies in the theory and history of linguistic science. Series IV, Current issues in linguistic theory,$x0304-0763 ;$vv. 116 300 $aDescription based upon print version of record. 311 08$a90-272-3619-4 320 $aIncludes bibliographical references (p. [117]-135) and index. 327 $aANCIENT SCRIPTS AND PHONOLOGICAL KNOWLEDGE; Editorial page; Title page; Copyright page; ACKNOWLEDGEMENTS; ABBREVIATIONS; 0. PREFACE; 1. THEORETICAL PREREQUISITES; 2. THE LINEAR B SYLLABARY; 3. THE CYPRIAN SYLLABARY; 4. THE GREEK ALPHABET; 5. THE RUNIC ALPHABET; 6. LITERACY AND LINGUISTICKNOWLEDGE; 7. IMPLICATIONS: AN IDEAL SCRIPT?; REFERENCES; GENERAL INDEX 330 $aThis study investigates the properties of several ancient syllabic and linear segmental scripts to make explicit the aspects of linguistic knowledge they attempt to represent. Some recent experimental work suggests that nonliterate speakers do not have segmental knowledge and that only syllabic knowledge is 'real' or accessible, whence the ubiquity of syllabaries. Miller disputes this by showing that such tests do not distinguish relevant types of knowledge, and that linguistic analysis of the ordering and writing conventions of early Western scripts corroborates the evidence from language acq 410 0$aAmsterdam studies in the theory and history of linguistic science.$nSeries IV,$pCurrent issues in linguistic theory ;$vv. 116. 606 $aGrammar, Comparative and general$xPhonology 606 $aInscriptions, Linear B 606 $aCypriot syllabary 606 $aAlphabet 606 $aLanguage awareness 615 0$aGrammar, Comparative and general$xPhonology. 615 0$aInscriptions, Linear B. 615 0$aCypriot syllabary. 615 0$aAlphabet. 615 0$aLanguage awareness. 676 $a414 700 $aMiller$b D. Gary$0183216 801 0$bMiAaPQ 801 1$bMiAaPQ 801 2$bMiAaPQ 906 $aBOOK 912 $a9910953967703321 996 $aAncient scripts and phonological knowledge$9551568 997 $aUNINA